|
|
|
|
| LEADER |
01035nam a2200265 a 4500 |
| 001 |
14764514 |
| 008 |
091015s2007 ii b 000 1 eng d |
| 010 |
|
|
|a 2007394113
|
| 020 |
|
|
|a 9780195685640
|
| 020 |
|
|
|a 0195685644
|
| 040 |
|
|
|a DLC
|c DLC
|d DLC
|
| 082 |
0 |
0 |
|a 823.6
|2 22
|
| 100 |
1 |
|
|a Gibbes, Phoebe.
|
| 245 |
1 |
0 |
|a Hartly House, Calcutta /
|c Phebe Gibbes ; edited and with an introduction by Michael J. Franklin.
|
| 260 |
|
|
|a New Delhi :
|b Oxford University Press,
|c 2007.
|
| 300 |
|
|
|a lvii, 222 p. ;
|c 23 cm.
|
| 500 |
|
|
|a Novel.
|
| 504 |
|
|
|a Includes bibliographical references (p. [219]-222).
|
| 541 |
1 |
|
|e 00019378
|
| 650 |
|
0 |
|a British
|z India
|x Fiction.
|
| 651 |
|
0 |
|a Calcutta (India)
|x Fiction.
|
| 700 |
1 |
|
|a Franklin, Michael J.,
|d 1949-
|
| 852 |
4 |
|
|a Ayesha Abed Library
|j General shelf
|
| 999 |
|
|
|c 4660
|d 4660
|
| 952 |
|
|
|0 0
|1 0
|2 ddc
|4 0
|6 823_600000000000000_GIB
|7 0
|9 4446
|a BRACUL
|b BRACUL
|c GEN
|d 2009-10-18
|l 1
|o 823.6 GIB
|p 3010019378
|r 2024-10-16
|s 2013-02-18
|t 1
|w 2009-10-18
|y BK
|x Transferred from ENH to Ayesha Abed library on 20/12/2023
|